[Event "XVIII Weekend"]
[Site "Porto Sant'Elpidio ITA"]
[Date "2015.11.22"]
[Round "2"]
[White "Rinaudo, Sergio"]
[Black "Perogio, Lorenzo"]
[WhiteElo "2098"]
[BlackElo "1810"]
[Result "1-0"]
[PlyCount "81"]
[EventDate "2015.11.21"]

1. d4 Nf6 2. Nf3 d6 3. Nbd2 Bf5 4. g3 Qd7 5. h3 Nc6 6. c3 e5 7. Bg2 h6 8. Qa4
e4 9. Nh4 Bh7 10. d5 Ne7 11. Qd4 Nf5 12. Nxf5 Qxf5 13. c4 g5 14. O-O Rg8 15. f3
Bg7 16. fxe4 Nxe4 17. Qxe4+ Qxe4 18. Bxe4 Bxe4 19. Nxe4 O-O-O 20. Rxf7 Rde8 21.
Nf6 Bxf6 22. Rxf6 Rxe2 23. b3 Rge8 24. Rf2 Re1+ 25. Kg2 Rd1 26. Bb2 Rd3 27.
Raf1 b5 28. Rf3 Rd2+ 29. R1f2 Rd1 30. Rf8 Rxf8 31. Rxf8+ Kb7 32. g4 Kb6 33. Bg7
bxc4 34. bxc4 Rc1 35. Bxh6 Rxc4 36. Bxg5 Kc5 37. Be3+ Kxd5 38. Bxa7 Ra4 39. Bf2
c5 40. g5 c4 41. g6 1-0

[Event "XVIII Weekend"]
[Site "Porto Sant'Elpidio ITA"]
[Date "2015.11.22"]
[Round "2"]
[White "Serpilli, Francesco"]
[Black "Guglielmi, Dante"]
[WhiteElo "1564"]
[BlackElo "1876"]
[Result "1/2-1/2"]
[PlyCount "119"]
[EventDate "2015.11.21"]

1. d4 d5 2. c4 e6 3. Nc3 Nf6 4. cxd5 exd5 5. Bg5 Nbd7 6. e3 Be7 7. Qc2 O-O 8.
Bd3 c5 9. Nge2 cxd4 10. Nxd4 Ne5 11. Bf5 g6 12. Bxc8 Rxc8 13. O-O Re8 14. Rfd1
Ne4 15. Bxe7 Rxe7 16. Qb3 Nxc3 17. bxc3 Rec7 18. Ne2 Rd7 19. Rac1 Rc5 20. Qb4
Qc7 21. Qb3 Ng4 22. g3 h5 23. Nf4 Qc6 24. Rd4 Ne5 25. Kg2 Rc4 26. Ne2 g5 27.
Qc2 Qf6 28. Ng1 Ng4 29. Nf3 b5 30. Rxc4 dxc4 31. Nd4 Rd5 32. Qe2 Qg6 33. Qf3
Nf6 34. h3 Qe4 35. Qxe4 Nxe4 36. Rc2 Kg7 37. f3 Nf6 38. e4 Rc5 39. Kf2 g4 40.
h4 Re5 41. Nc6 Re6 42. Nxa7 gxf3 43. Kxf3 Nxe4 44. Nxb5 Nf6 45. Nd4 Re8 46. Rb2
Nd5 47. Re2 Ra8 48. Nb5 Rb8 49. a4 Ra8 50. Ke4 Nf6+ 51. Kd4 Rxa4 52. Nd6 Ra5
53. Kxc4 Ra4+ 54. Kd3 Rg4 55. Re3 Nd5 56. Rf3 Nf6 57. Nf5+ Kg6 58. Ne7+ Kg7 59.
Nf5+ Kg6 60. Ne7+ 1/2-1/2

[Event "XVIII Weekend"]
[Site "Porto Sant'Elpidio ITA"]
[Date "2015.11.22"]
[Round "2"]
[White "Vannicola, Roberto"]
[Black "Peretti, Feliciano"]
[WhiteElo "1540"]
[BlackElo "1170"]
[Result "1/2-1/2"]
[PlyCount "123"]
[EventDate "2015.11.21"]

1. c4 Nf6 2. Nc3 g6 3. Nf3 Bg7 4. g3 d6 5. Bg2 O-O 6. O-O Nc6 7. d3 e5 8. Rb1
Nh5 9. Bd2 f5 10. Qc1 f4 11. e3 Bh6 12. b4 a5 13. b5 Nb4 14. Ne1 f3 15. Nxf3
Nxd3 16. Qd1 Be6 17. Nd5 b6 18. Ne1 Nxe1 19. Rxe1 Rc8 20. e4 Bxd2 21. Qxd2 Nf6
22. Rec1 Nd7 23. Qc2 Nc5 24. Bf1 Rf7 25. Nc3 Qf6 26. Rb2 Rcf8 27. Nd1 h5 28.
Qe2 Qf3 29. Qxf3 Rxf3 30. Bg2 Rd3 31. Bf1 Rd4 32. Nc3 Nxe4 33. Nxe4 Rxe4 34.
Bg2 Rxc4 35. Rbc2 Rxc2 36. Rxc2 Rf7 37. Be4 Kg7 38. Kg2 d5 39. Rc6 dxe4 40.
Rxe6 Rf3 41. Re7+ Kf6 42. Rxc7 Rd3 43. Rc6+ Kf5 44. Rxb6 Rd2 45. Rc6 e3 46. Kf1
Rxf2+ 47. Ke1 Rxa2 48. Rc8 Rxh2 49. b6 Rb2 50. Rb8 a4 51. b7 a3 52. Rf8+ Kg4
53. b8=Q Rxb8 54. Rxb8 Kxg3 55. Ra8 h4 56. Rxa3 Kg2 57. Rxe3 h3 58. Re2+ Kg3
59. Re3+ Kg2 60. Re2+ Kg3 61. Re3+ Kg2 62. Re2+ 1/2-1/2

[Event "XVIII Weekend"]
[Site "Porto Sant'Elpidio ITA"]
[Date "2015.11.22"]
[Round "3"]
[White "Guglielmi, Dante"]
[Black "Cappella, Leonardo"]
[WhiteElo "1876"]
[BlackElo "1512"]
[Result "1-0"]
[PlyCount "43"]
[EventDate "2015.11.21"]

1. c4 e5 2. Nc3 Nf6 3. g3 Bb4 4. Bg2 O-O 5. Nf3 Nc6 6. O-O d6 7. a3 Bxc3 8.
bxc3 Be6 9. d3 Qd7 10. Re1 h6 11. Rb1 Rab8 12. Qa4 Bh3 13. Bh1 Ng4 14. d4 f5
15. d5 f4 16. dxc6 Qf5 17. Rxb7 fxg3 18. hxg3 Rxb7 19. cxb7 e4 20. Qb5 Ne5 21.
b8=Q exf3 22. Qd5+ 1-0

[Event "XVIII Weekend"]
[Site "Porto Sant'Elpidio ITA"]
[Date "2015.11.22"]
[Round "3"]
[White "Lattanzi, Matteo"]
[Black "Padovani, Alessio"]
[WhiteElo "1734"]
[BlackElo "1895"]
[Result "1/2-1/2"]
[PlyCount "163"]
[EventDate "2015.11.21"]

1. e4 e5 2. Nf3 f5 3. Bc4 fxe4 4. Nxe5 Qg5 5. Ng4 Nf6 6. Ne3 d5 7. Bf1 Bd6 8.
d3 exd3 9. Qxd3 Qe5 10. Be2 O-O 11. Nd2 c6 12. Ndc4 dxc4 13. Nxc4 Bb4+ 14. c3
Bxc3+ 15. bxc3 Qe4 16. O-O Qxd3 17. Bxd3 Be6 18. Re1 Bf7 19. Ne5 Rd8 20. Bc2 c5
21. Nxf7 Kxf7 22. Bb3+ Kf8 23. Be3 b6 24. Rad1 Nc6 25. Bf4 Rxd1 26. Rxd1 Ne8
27. Rd7 Nd8 28. Bg5 Nf6 29. Bxf6 gxf6 30. Rxh7 b5 31. Bd5 Rb8 32. Rxa7 b4 33.
cxb4 Rxb4 34. g3 Rd4 35. Bf3 Ne6 36. Ra6 Ke7 37. h4 Rd8 38. Ra8 Rd7 39. Bg4 Rc7
40. Bxe6 Kxe6 41. Kf1 Kd5 42. Ke2 Kc4 43. Kd2 Rd7+ 44. Kc2 Re7 45. Rd8 Ra7 46.
Kb2 Rb7+ 47. Kc1 Kc3 48. Rd6 Re7 49. Kd1 c4 50. h5 f5 51. h6 Kb2 52. Rd2+ Kc3
53. a4 Kb4 54. a5 Kb3 55. Kc1 c3 56. Rd1 Ra7 57. Rd5 Re7 58. a6 Re1+ 59. Rd1
Re2 60. Rd3 Ra2 61. Kd1 Rxa6 62. Rd7 Ra1+ 63. Ke2 Ra2+ 64. Ke1 Ra6 65. Kd1 Rxh6
66. Rb7+ Kc4 67. Rc7+ Kd4 68. Rd7+ Ke4 69. f3+ Kxf3 70. Rd3+ Kf2 71. Rxc3 Rh1+
72. Kd2 Rh5 73. Kd1 Rg5 74. Rc5 Kxg3 75. Ke2 Rh5 76. Rc3+ Kg2 77. Rf3 Rg5 78.
Rf1 Kh3 79. Rh1+ Kg4 80. Rg1+ Kf4 81. Rxg5 Kxg5 82. Kf3 1/2-1/2

[Event "XVIII Weekend"]
[Site "Porto Sant'Elpidio ITA"]
[Date "2015.11.22"]
[Round "3"]
[White "Marzetti, Alessandro"]
[Black "Pocognoli, Gianfranco"]
[WhiteElo "1252"]
[BlackElo "1752"]
[Result "1/2-1/2"]
[PlyCount "244"]
[EventDate "2015.11.21"]

1. d4 d5 2. c4 e6 3. Nc3 f5 4. g3 c6 5. Bg2 Nf6 6. Nf3 Nbd7 7. cxd5 exd5 8. Bf4
Nb6 9. O-O Bd6 10. Bg5 O-O 11. a4 h6 12. Bd2 Re8 13. Re1 Ne4 14. Nxe4 fxe4 15.
Nh4 g5 16. Ng6 Qf6 17. Ne5 Bxe5 18. dxe5 Qxe5 19. Bc3 Qf5 20. Qd4 Qh7 21. e3
Bg4 22. h3 Bh5 23. g4 Bg6 24. Bf1 Nd7 25. Be2 Ne5 26. b4 Qg7 27. b5 Nf3+ 28.
Bxf3 Qxd4 29. Bxd4 exf3 30. bxc6 bxc6 31. Red1 a6 32. Ra2 Rab8 33. Rb2 Rxb2 34.
Bxb2 Rb8 35. Rd2 Rb4 36. a5 Rb5 37. Bc3 Kf7 38. Kh2 Be4 39. Kg3 c5 40. Rb2 Rxb2
41. Bxb2 c4 42. Bd4 Kg6 43. h4 gxh4+ 44. Kxh4 Bd3 45. Kg3 Be4 46. Kf4 h5 47.
gxh5+ Kxh5 48. Kg3 Kg5 49. Ba1 Kf5 50. Bb2 Ke6 51. Ba3 Kd7 52. Kf4 Kc6 53. Ke5
Kb5 54. Kd4 Kxa5 55. Kc3 Ka4 56. Bb2 Kb5 57. Ba1 a5 58. Bb2 Kc5 59. Ba3+ Kc6
60. Bb2 Kd6 61. Kd2 Ke6 62. Ke1 a4 63. Bd4 a3 64. Bc3 Kd6 65. Kd1 Kc5 66. Kc1
Kb5 67. Ba1 Kb4 68. Kd2 Kb3 69. Bd4 Ka2 70. Kc1 Kb3 71. Kd2 a2 72. Ba1 Kb4 73.
Bd4 Kb5 74. Ba1 Kc6 75. Bd4 Kd6 76. Ba1 Ke6 77. Bd4 Kf5 78. Ba1 Bd3 79. Bd4 Ke4
80. Ba1 Bb1 81. Bd4 Kf5 82. Ba1 Kg4 83. Bd4 Kh3 84. Ba1 Kg2 85. Ke1 Bc2 86. Bd4
Kh3 87. Ba1 Kg4 88. Bd4 Kf5 89. Kd2 Bb3 90. Ba1 Ke6 91. Bd4 Kd6 92. Ba1 Kc5 93.
Kc3 Kb5 94. Bb2 Ka4 95. Ba1 Ka3 96. Bb2+ Ka4 97. Ba1 Bd1 98. Bb2 a1=Q 99. Bxa1
Ka3 100. Bb2+ Ka2 101. Bc1 Kb1 102. Bd2 Bb3 103. e4 d4+ 104. Kxd4 Kc2 105. Ke3
c3 106. Bxc3 Kxc3 107. Kxf3 Kd4 108. Kf4 Kc5 109. Ke5 Bd1 110. f4 Kc6 111. f5
Kd7 112. Kf6 Ke8 113. e5 Kf8 114. e6 Bb3 115. Ke5 Ke8 116. f6 Kf8 117. Kd6 Bxe6
118. Kxe6 Ke8 119. Kf5 Kf7 120. Ke5 Kf8 121. Ke6 Ke8 122. f7+ Kf8 1/2-1/2

[Event "XVIII Weekend"]
[Site "Porto Sant'Elpidio ITA"]
[Date "2015.11.22"]
[Round "3"]
[White "Miandro, Steven"]
[Black "Iori, Massimiliano"]
[WhiteElo "1861"]
[BlackElo "1891"]
[Result "1/2-1/2"]
[PlyCount "62"]
[EventDate "2015.11.21"]

1. d4 Nf6 2. c4 e6 3. Nc3 d5 4. cxd5 exd5 5. Bg5 Be7 6. e3 O-O 7. Bd3 c6 8. Qc2
Nbd7 9. Nge2 Re8 10. O-O Ne4 11. Bxe4 dxe4 12. Bf4 f5 13. Nb5 Nb6 14. Nc7 Rf8
15. Nxa8 Nxa8 16. Qb3+ Kh8 17. Rfd1 Nb6 18. Nc3 Qe8 19. a4 Nd7 20. h3 h6 21. a5
Kh7 22. Qa4 h5 23. b4 g5 24. Bc7 Qg6 25. b5 Rg8 26. Kh1 h4 27. Rg1 c5 28. Nd5
Bf8 29. Qd1 Qf7 30. Nc3 cxd4 31. Qxd4 Nc5 1/2-1/2

[Event "XVIII Weekend"]
[Site "Porto Sant'Elpidio ITA"]
[Date "2015.11.22"]
[Round "3"]
[White "Peretti, Feliciano"]
[Black "Cherchi, Cesare"]
[WhiteElo "1170"]
[BlackElo "1440"]
[Result "0-1"]
[PlyCount "58"]
[EventDate "2015.11.21"]

1. e4 c6 2. d4 d5 3. Nc3 dxe4 4. Nxe4 Nf6 5. Nxf6+ exf6 6. Be3 Bd6 7. Bd3 O-O
8. Qf3 Be6 9. Ne2 Re8 10. O-O-O Bxa2 11. Bf4 Bd5 12. Qh3 Bxf4+ 13. Nxf4 Be4 14.
Bc4 b5 15. Ba2 Na6 16. f3 Nb4 17. Bxf7+ Kxf7 18. fxe4 Kg8 19. Rhe1 Qe7 20. Qb3+
Kf8 21. d5 c5 22. d6 Qe5 23. g3 Rad8 24. d7 Re7 25. Nd3 Nxd3+ 26. Rxd3 Rexd7
27. Rxd7 Rxd7 28. Qxb5 Qd6 29. Qb3 Qd2+ 0-1

[Event "XVIII Weekend"]
[Site "Porto Sant'Elpidio ITA"]
[Date "2015.11.22"]
[Round "3"]
[White "Perogio, Lorenzo"]
[Black "Ciarloni, Giuseppe"]
[WhiteElo "1810"]
[BlackElo "1684"]
[Result "1/2-1/2"]
[PlyCount "94"]
[EventDate "2015.11.21"]

1. b3 Nf6 2. Bb2 e6 3. d3 d5 4. Nf3 c5 5. g3 Nc6 6. Bg2 Be7 7. O-O O-O 8. Nbd2
b6 9. e4 dxe4 10. dxe4 Qc7 11. Qe2 Nb4 12. c3 Ba6 13. Nc4 Nc6 14. Rfe1 Rad8 15.
Rad1 Rxd1 16. Rxd1 Rd8 17. Re1 h6 18. Nfd2 Ne5 19. h3 Nd3 20. Rb1 b5 21. Ne3
Qd7 22. c4 b4 23. e5 Nxe5 24. Rd1 Qc7 25. Nd5 exd5 26. Bxe5 Qc8 27. Bb2 Kf8 28.
Re1 Re8 29. Bxf6 Bxf6 30. Qxe8+ Qxe8 31. Rxe8+ Kxe8 32. Bxd5 Bc8 33. g4 Be7 34.
Kg2 f6 35. Nf1 f5 36. f3 g5 37. Bc6+ Kf7 38. Ne3 f4 39. Nd5 Bf8 40. Kf2 Ke6 41.
Ke2 Ke5 42. Kd3 Be6 43. Nc7 Bf7 44. Be4 Bd6 45. Nd5 Bf8 46. Nc7 Bd6 47. Nd5 Be7
1/2-1/2

[Event "XVIII Weekend"]
[Site "Porto Sant'Elpidio ITA"]
[Date "2015.11.22"]
[Round "3"]
[White "Piergentili, Roberto"]
[Black "Marvulli, Michele"]
[WhiteElo "1776"]
[BlackElo "1404"]
[Result "1-0"]
[PlyCount "82"]
[EventDate "2015.11.21"]

1. d4 c5 2. d5 e5 3. e4 d6 4. c4 Be7 5. Nc3 Nf6 6. Nf3 O-O 7. a3 Nbd7 8. h3 Rb8
9. b4 Ne8 10. Bd3 b6 11. Nb5 a6 12. Na7 Bb7 13. Nc6 Bxc6 14. dxc6 Ndf6 15. b5
axb5 16. cxb5 Nc7 17. Qe2 Ra8 18. Bb2 Ra4 19. O-O Ne6 20. Rfe1 Qc7 21. Bc2 Ra5
22. Bc3 Ra7 23. Reb1 Rfa8 24. a4 Nd4 25. Qd1 Nxc2 26. Qxc2 Ne8 27. a5 g6 28.
Qb3 Ng7 29. Nd2 Ne6 30. Nc4 Nd4 31. Bxd4 Rxa5 32. Nxa5 cxd4 33. Nc4 Rc8 34. Ra6
Rb8 35. Rba1 d5 36. exd5 Bc5 37. Ra7 Qc8 38. Nxe5 Qf5 39. Nxf7 Qf4 40. d6 Kf8
41. Nh6 Bxd6 1-0

[Event "XVIII Weekend"]
[Site "Porto Sant'Elpidio ITA"]
[Date "2015.11.22"]
[Round "3"]
[White "Rinaudo, Andrea"]
[Black "Rinaudo, Sergio"]
[WhiteElo "1997"]
[BlackElo "2098"]
[Result "1/2-1/2"]
[PlyCount "36"]
[EventDate "2015.11.21"]

1. e4 e6 2. d4 d5 3. exd5 exd5 4. Nf3 c5 5. Bb5+ Bd7 6. Qe2+ Be7 7. dxc5 Nf6 8.
O-O O-O 9. Nc3 Bxc5 10. Bg5 Bc6 11. Qd3 a6 12. Bxc6 bxc6 13. Ne5 Qd6 14. Rfe1
Re8 15. Nf3 Rxe1+ 16. Rxe1 Nbd7 17. h3 h6 18. Bd2 Bb4 1/2-1/2

[Event "XVIII Weekend"]
[Site "Porto Sant'Elpidio ITA"]
[Date "2015.11.22"]
[Round "3"]
[White "Sagripanti, Michele"]
[Black "Serpilli, Francesco"]
[WhiteElo "2153"]
[BlackElo "1564"]
[Result "1-0"]
[PlyCount "49"]
[EventDate "2015.11.21"]

1. e4 c6 2. Nf3 d5 3. Nc3 Bg4 4. h3 Bxf3 5. Qxf3 e6 6. exd5 cxd5 7. Bb5+ Nc6 8.
O-O Nf6 9. d4 Be7 10. Qg3 g6 11. Bh6 a6 12. Bxc6+ bxc6 13. Rad1 Nh5 14. Qe3 Rb8
15. b3 Bf6 16. f4 Ng7 17. Bxg7 Bxg7 18. f5 gxf5 19. Rxf5 Qe7 20. Qg3 Kd7 21.
Rf3 Rhg8 22. Qf2 Rgf8 23. Na4 Ra8 24. Nb6+ Kc7 25. Nxa8+ 1-0

[Event "XVIII Weekend"]
[Site "Porto Sant'Elpidio ITA"]
[Date "2015.11.22"]
[Round "3"]
[White "Squadrani, Giovanni"]
[Black "Vannicola, Roberto"]
[WhiteElo "1719"]
[BlackElo "1540"]
[Result "0-1"]
[PlyCount "72"]
[EventDate "2015.11.21"]

1. e4 c6 2. d4 d5 3. e5 Bf5 4. Nf3 e6 5. Be2 Nd7 6. O-O Ne7 7. Nbd2 Qb6 8. Nb3
Bg4 9. h3 Bxf3 10. Bxf3 Nf5 11. Bg4 Ne7 12. Be3 g6 13. Bg5 Bg7 14. h4 h6 15.
Be3 Nf5 16. h5 Nxe3 17. fxe3 g5 18. Qf3 O-O 19. Qh3 Rae8 20. c3 Qd8 21. Bd1 f5
22. exf6 Nxf6 23. Nc5 Qe7 24. Bc2 b6 25. Nd3 Nd7 26. Nf2 e5 27. e4 Nf6 28. Qd3
dxe4 29. Nxe4 exd4 30. Rae1 Nxe4 31. Rxe4 Qxe4 32. Qc4+ Qe6 33. Rxf8+ Bxf8 34.
Qa6 Qe1+ 35. Kh2 Bd6+ 36. Kh3 Qh4# 0-1

[Event "XVIII Weekend"]
[Site "Porto Sant'Elpidio ITA"]
[Date "2015.11.28"]
[Round "4"]
[White "Cappella, Leonardo"]
[Black "Lattanzi, Matteo"]
[WhiteElo "1512"]
[BlackElo "1734"]
[Result "1/2-1/2"]
[PlyCount "31"]
[EventDate "2015.11.21"]

1. e4 e5 2. Nf3 Nf6 3. d4 Nxe4 4. Bd3 d5 5. Nxe5 Nd7 6. Nxf7 Qe7 7. Nxh8 Nc3+
8. Kd2 Nxd1 9. Re1 Nxf2 10. Bxh7 Ne4+ 11. Rxe4 dxe4 12. Bg6+ Kd8 13. Nf7+ Ke8
14. Nh8+ Kd8 15. Nf7+ Ke8 16. Nh8+ 1/2-1/2

[Event "XVIII Weekend"]
[Site "Porto Sant'Elpidio ITA"]
[Date "2015.11.28"]
[Round "4"]
[White "Ciarloni, Giuseppe"]
[Black "Marzetti, Alessandro"]
[WhiteElo "1684"]
[BlackElo "1252"]
[Result "1/2-1/2"]
[PlyCount "88"]
[EventDate "2015.11.21"]

1. d4 Nf6 2. c4 Nc6 3. Nf3 e6 4. Nc3 Bb4 5. a3 Bxc3+ 6. bxc3 h6 7. Qc2 Qe7 8.
e3 d6 9. Bd3 e5 10. d5 Nb8 11. e4 a5 12. a4 Na6 13. Ba3 Nd7 14. O-O Nac5 15.
Nd2 O-O 16. Rab1 Nxd3 17. Qxd3 Nb6 18. c5 Nxa4 19. cxd6 cxd6 20. Nc4 Nc5 21.
Bxc5 dxc5 22. Rb5 a4 23. Ra1 f5 24. f3 fxe4 25. fxe4 Qf6 26. Qe3 Qf4 27. Qe1 a3
28. Rxc5 b5 29. Nb6 Rb8 30. Nxc8 Rfxc8 31. Rxc8+ Rxc8 32. Rxa3 Rc4 33. Ra1 Rxe4
34. Qf1 Qxf1+ 35. Rxf1 b4 36. cxb4 Rxb4 37. Rf5 Rd4 38. Rxe5 Kf7 39. Kf2 Kf6
40. Re6+ Kf5 41. Ke3 Rd1 42. g4+ Kxg4 43. Rg6+ Kf5 44. Rxg7 Rxd5 1/2-1/2

[Event "XVIII Weekend"]
[Site "Porto Sant'Elpidio ITA"]
[Date "2015.11.28"]
[Round "4"]
[White "Iori, Massimiliano"]
[Black "Perogio, Lorenzo"]
[WhiteElo "1891"]
[BlackElo "1810"]
[Result "1-0"]
[PlyCount "63"]
[EventDate "2015.11.21"]

1. d4 d6 2. Nf3 Nf6 3. Bf4 g6 4. e3 Bg7 5. h3 Nc6 6. Be2 O-O 7. O-O Nd7 8. c3
e5 9. dxe5 dxe5 10. Bg3 a6 11. Nbd2 h6 12. e4 Qe8 13. Nh4 Nd8 14. Nc4 Ne6 15.
Ne3 b6 16. Bc4 Bb7 17. f3 Kh7 18. b4 Rd8 19. Qc2 c5 20. Rad1 Qe7 21. a3 Bf6 22.
Nhf5 gxf5 23. Nxf5 Qe8 24. Nd6 Qe7 25. Nxb7 Rb8 26. Nd6 Ng7 27. Bxa6 Ra8 28.
Bb5 Rxa3 29. Bxd7 Qxd7 30. Nc4 Qa4 31. Nxa3 Qxa3 32. Ra1 1-0

[Event "XVIII Weekend"]
[Site "Porto Sant'Elpidio ITA"]
[Date "2015.11.28"]
[Round "4"]
[White "Padovani, Alessio"]
[Black "Miandro, Steven"]
[WhiteElo "1895"]
[BlackElo "1861"]
[Result "0-1"]
[PlyCount "82"]
[EventDate "2015.11.21"]

1. e4 c5 2. c3 Nf6 3. e5 Nd5 4. d4 cxd4 5. cxd4 d6 6. Bc4 Nb6 7. Bb5+ Bd7 8.
Bxd7+ Qxd7 9. Nf3 d5 10. O-O e6 11. Nc3 h6 12. Qd3 Be7 13. h3 Nc6 14. a3 Na5
15. Nb5 a6 16. Nc3 O-O 17. Bf4 Rac8 18. g4 Na4 19. Nxa4 Qxa4 20. Rac1 Qb3 21.
Qe2 Nc4 22. Rc2 Nxe5 23. Rc3 Rxc3 24. Nxe5 Rc2 25. Qd1 Rxb2 26. Qc1 Qc2 27. Qe3
Rb3 28. Qe1 Rc8 29. Bg3 Rxa3 30. g5 hxg5 31. Ng4 b5 32. Ne3 Qe4 33. Qd1 b4 34.
Re1 Qd3 35. Qg4 Qd2 36. Rd1 Rc1 37. Rxc1 Qxc1+ 38. Kg2 Ra1 39. Kf3 Qh1+ 40. Ke2
Ra2+ 41. Kd3 Qb1+ 0-1

[Event "XVIII Weekend"]
[Site "Porto Sant'Elpidio ITA"]
[Date "2015.11.28"]
[Round "4"]
[White "Piergentili, Roberto"]
[Black "Squadrani, Giovanni"]
[WhiteElo "1776"]
[BlackElo "1719"]
[Result "1-0"]
[PlyCount "109"]
[EventDate "2015.11.21"]

1. d4 d5 2. c4 e6 3. Nc3 Nf6 4. cxd5 exd5 5. Bg5 Be7 6. Qc2 c6 7. e3 O-O 8. Bd3
h6 9. Bh4 Nbd7 10. Nge2 Re8 11. O-O Nf8 12. f3 a6 13. e4 dxe4 14. fxe4 Bg4 15.
Rae1 Ne6 16. Bf2 Bxe2 17. Nxe2 Ng4 18. Qc3 Nxf2 19. Rxf2 Bh4 20. g3 Bg5 21. Bc4
Qb6 22. Ref1 Rf8 23. Rxf7 Rxf7 24. Bxe6 Raf8 25. Qb3 Qc7 26. Rxf7 Rxf7 27.
Bxf7+ Qxf7 28. Qxf7+ Kxf7 29. Kf2 Ke6 30. Nf4+ Ke7 31. Nd3 Kd6 32. Nc5 b6 33.
Nd3 c5 34. dxc5+ bxc5 35. b3 h5 36. Kf3 g6 37. Nf4 Bf6 38. Nxg6 a5 39. e5+ Bxe5
40. Nxe5 Kxe5 41. h3 Kd4 42. g4 hxg4+ 43. hxg4 Kc3 44. g5 Kb2 45. g6 Kxa2 46.
g7 Kxb3 47. g8=Q+ c4 48. Qb8+ Ka3 49. Qb1 a4 50. Ke2 c3 51. Kd1 c2+ 52. Qxc2
Kb4 53. Qb2+ Ka5 54. Kc2 Ka6 55. Kc3 1-0

[Event "XVIII Weekend"]
[Site "Porto Sant'Elpidio ITA"]
[Date "2015.11.28"]
[Round "4"]
[White "Pocognoli, Gianfranco"]
[Black "Serpilli, Francesco"]
[WhiteElo "1752"]
[BlackElo "1564"]
[Result "1/2-1/2"]
[PlyCount "115"]
[EventDate "2015.11.21"]

1. d4 d5 2. e3 Nf6 3. f4 Bf5 4. Bd3 Bxd3 5. Qxd3 e6 6. Qb5+ Nfd7 7. Qxb7 Nb6 8.
Nf3 Be7 9. Ne5 Qd6 10. Bd2 O-O 11. Ba5 N8d7 12. Qc6 Nxe5 13. Qxd6 cxd6 14. fxe5
dxe5 15. Bxb6 axb6 16. dxe5 Ra4 17. Nd2 Rfa8 18. a3 Bc5 19. Ke2 b5 20. c3 Bb6
21. Rad1 Rc8 22. Nf3 Re4 23. Rd3 h6 24. h3 Ba7 25. g4 Bb8 26. Rd4 Rc4 27. Rhd1
Ba7 28. Rxe4 Rxe4 29. Rd3 Bb6 30. Nd4 Rxe5 31. Nxb5 h5 32. Kf3 hxg4+ 33. hxg4
Kf8 34. a4 Re4 35. b4 Rc4 36. a5 Bd8 37. a6 Rc8 38. Rd2 Ra8 39. Ra2 Bb6 40. a7
Ke7 41. Ra6 Bd8 42. Nd4 Kd7 43. b5 Kc7 44. Kf4 Kb7 45. Ke5 Bc7+ 46. Rd6 Bxd6+
47. Kxd6 Rxa7 48. Nc6 Ra3 49. Nd8+ Kb6 50. Nxf7 Rxc3 51. Kxe6 Rxe3+ 52. Kxd5
Kxb5 53. Nd6+ Kb4 54. Nf5 Rd3+ 55. Ke6 Kc5 56. Nxg7 Rg3 57. Kf5 Rxg4 58. Kxg4
1/2-1/2

[Event "XVIII Weekend"]
[Site "Porto Sant'Elpidio ITA"]
[Date "2015.11.28"]
[Round "4"]
[White "Rinaudo, Andrea"]
[Black "Sagripanti, Michele"]
[WhiteElo "1997"]
[BlackElo "2153"]
[Result "0-1"]
[PlyCount "40"]
[EventDate "2015.11.21"]

1. e4 e6 2. d4 d5 3. exd5 exd5 4. Nf3 Bd6 5. Bd3 Nc6 6. c3 Bg4 7. O-O Nge7 8.
Re1 Qd7 9. a4 O-O 10. Nbd2 Ng6 11. Qc2 Rae8 12. Rxe8 Rxe8 13. b3 Nf4 14. Bb2
Nxg2 15. Bxh7+ Kh8 16. Ng5 Ne1 17. Qb1 Bf4 18. Bg8 Bf5 19. Qd1 Kxg8 20. Ndf3
Bc2 0-1

[Event "XVIII Weekend"]
[Site "Porto Sant'Elpidio ITA"]
[Date "2015.11.28"]
[Round "4"]
[White "Rinaudo, Sergio"]
[Black "Guglielmi, Dante"]
[WhiteElo "2098"]
[BlackElo "1876"]
[Result "1-0"]
[PlyCount "37"]
[EventDate "2015.11.21"]

1. d4 d5 2. c4 e6 3. Nf3 Nf6 4. Nc3 Be7 5. Bf4 a6 6. e3 Nbd7 7. Qc2 dxc4 8.
Bxc4 b5 9. Be2 c5 10. a4 b4 11. Ne4 Qb6 12. a5 Qc6 13. Nxf6+ Nxf6 14. Ne5 Qe4
15. Qc1 Qd5 16. Bf3 Ne4 17. dxc5 Bxc5 18. Bxe4 Qxe4 19. Qxc5 1-0

[Event "XVIII Weekend"]
[Site "Porto Sant'Elpidio ITA"]
[Date "2015.11.28"]
[Round "4"]
[White "Santinelli, Michele"]
[Black "Peretti, Feliciano"]
[WhiteElo "1961"]
[BlackElo "1170"]
[Result "1-0"]
[PlyCount "71"]
[EventDate "2015.11.21"]

1. d4 Nf6 2. Bf4 g6 3. Nf3 Bg7 4. h3 d6 5. e3 O-O 6. Bd3 c5 7. c3 cxd4 8. exd4
Qb6 9. Qc2 Nc6 10. O-O Nd5 11. Bg3 e5 12. dxe5 dxe5 13. Nbd2 f5 14. Bc4 Qd8 15.
Bh4 Qd7 16. Qd3 e4 17. Qxd5+ Qxd5 18. Bxd5+ Kh8 19. Ng5 Ne5 20. Nc4 h6 21. Nxe5
hxg5 22. Nxg6+ Kh7 23. Nxf8+ Bxf8 24. Bxg5 Rb8 25. Bf4 Ra8 26. Rad1 Bh6 27. Be5
a5 28. Bc4 Bg5 29. Rd6 a4 30. Rfd1 Ra5 31. R6d5 Ra7 32. Bc7 Kh6 33. Bb6 Ra8 34.
Rd6+ Kh5 35. g3 f4 36. Bf7# 1-0

[Event "XVIII Weekend"]
[Site "Porto Sant'Elpidio ITA"]
[Date "2015.11.28"]
[Round "4"]
[White "Vannicola, Roberto"]
[Black "Cherchi, Cesare"]
[WhiteElo "1540"]
[BlackElo "1440"]
[Result "1/2-1/2"]
[PlyCount "56"]
[EventDate "2015.11.21"]

1. c4 Nf6 2. Nc3 e6 3. e4 e5 4. Nf3 Bb4 5. Qc2 O-O 6. Be2 Re8 7. O-O c6 8. a3
Bf8 9. d4 d6 10. d5 cxd5 11. cxd5 Bg4 12. h3 Bh5 13. Nh2 Bxe2 14. Qxe2 Nbd7 15.
Ng4 Nxg4 16. Qxg4 Nc5 17. Qd1 Rc8 18. b4 Nd7 19. Bb2 Nb6 20. Qe2 g6 21. Na2 Na4
22. Bc1 Qd7 23. Bd2 Rc2 24. Rfc1 Rec8 25. Rxc2 Rxc2 26. Qd3 Qc7 27. Rc1 Rxc1+
28. Bxc1 a6 1/2-1/2

[Event "XVIII Weekend"]
[Site "Porto Sant'Elpidio ITA"]
[Date "2015.11.29"]
[Round "5"]
[White "Cherchi, Cesare"]
[Black "Perogio, Lorenzo"]
[WhiteElo "1440"]
[BlackElo "1810"]
[Result "0-1"]
[PlyCount "118"]
[EventDate "2015.11.21"]

1. Nf3 d6 2. e4 Nf6 3. Nc3 c6 4. a4 Bg4 5. Be2 e6 6. O-O Be7 7. d4 d5 8. exd5
cxd5 9. Ne5 Bxe2 10. Qxe2 O-O 11. Bg5 Qb6 12. Qd3 a6 13. Ne2 Qc7 14. Ng3 Nc6
15. Nxc6 bxc6 16. Rfc1 Ne8 17. Bxe7 Qxe7 18. Qa3 Qxa3 19. Rxa3 Rb8 20. Rb1 Nd6
21. Ra2 Rfc8 22. b4 c5 23. c3 cxd4 24. cxd4 h6 25. Ne2 Rc4 26. Rab2 Nf5 27. Kf1
Nxd4 28. Nxd4 Rxd4 29. Ke2 Rc4 30. a5 Kf8 31. b5 axb5 32. Rxb5 Rxb5 33. Rxb5
Ra4 34. Rb8+ Ke7 35. Ra8 Kf6 36. a6 e5 37. a7 Ra2+ 38. Ke3 g6 39. g3 Kg7 40.
Rd8 d4+ 41. Ke4 Rxa7 42. Kxe5 Ra2 43. Rxd4 Rxf2 44. h4 g5 45. hxg5 hxg5 46. g4
Kg6 47. Re4 f6+ 48. Kd4 Rf4 49. Ke3 Rxe4+ 50. Kxe4 Kf7 51. Kf5 Ke7 52. Ke4 Ke6
53. Kf3 Kd5 54. Ke3 Ke5 55. Kf3 Kd4 56. Kg2 Ke4 57. Kg3 Ke3 58. Kg2 Kf4 59. Kh3
Kf3 0-1

[Event "XVIII Weekend"]
[Site "Porto Sant'Elpidio ITA"]
[Date "2015.11.29"]
[Round "5"]
[White "Guglielmi, Dante"]
[Black "Iori, Massimiliano"]
[WhiteElo "1876"]
[BlackElo "1891"]
[Result "1/2-1/2"]
[PlyCount "20"]
[EventDate "2015.11.21"]

1. c4 Nf6 2. Nc3 b6 3. Nf3 Bb7 4. d4 e6 5. g3 Ne4 6. Nxe4 Bxe4 7. Bg2 Bb4+ 8.
Bd2 Bxd2+ 9. Qxd2 O-O 10. O-O d6 1/2-1/2

[Event "XVIII Weekend"]
[Site "Porto Sant'Elpidio ITA"]
[Date "2015.11.29"]
[Round "5"]
[White "Lattanzi, Matteo"]
[Black "Vannicola, Roberto"]
[WhiteElo "1734"]
[BlackElo "1540"]
[Result "1/2-1/2"]
[PlyCount "46"]
[EventDate "2015.11.21"]

1. e4 c6 2. d4 d5 3. e5 Bf5 4. h4 h6 5. g4 Bh7 6. e6 f5 7. Bd3 Qb6 8. c3 c5 9.
gxf5 Nf6 10. dxc5 Qxc5 11. Be3 Qc7 12. Nd2 Rg8 13. h5 Nc6 14. Ne2 Ng4 15. Bc5
O-O-O 16. Qa4 Nce5 17. Bb5 Qxc5 18. Nd4 Qb6 19. f4 Nc6 20. Nxc6 bxc6 21. Bxc6
Qe3+ 22. Kd1 Nf2+ 23. Kc2 Qb6 1/2-1/2